Introducción a la economía : (Registro nro. 6720)

Detalles MARC
000 -LEADER
fixed length control field 01739nam a2200337Ia 4500
003 - CONTROL NUMBER IDENTIFIER
control field OSt
005 - DATE AND TIME OF LATEST TRANSACTION
control field 20200617180119.0
008 - FIXED-LENGTH DATA ELEMENTS--GENERAL INFORMATION
fixed length control field 191128s1993 ck ad gr 001 0 spa d
020 ## - INTERNATIONAL STANDARD BOOK NUMBER
International Standard Book Number 9682316448
040 ## - CATALOGING SOURCE
Original cataloging agency CO-JMCR
Transcribing agency CO-JMCR
041 1# - LANGUAGE CODE
Language code of text/sound track or separate title spa
Language code of original por
082 04 - DEWEY DECIMAL CLASSIFICATION NUMBER
Classification number 330.15 /
Item number B177i
Edition number 23
100 1# - MAIN ENTRY--PERSONAL NAME
Personal name Barros de Castro, Antonio,
Relator term autor
9 (RLIN) 5751
245 10 - TITLE STATEMENT
Title Introducción a la economía :
Remainder of title un enfoque estructuralista /
Statement of responsibility, etc. por, Antonio Barros de Castro y Carlos Francisco Lessa ; traducción de Claudio Colombani
250 ## - EDITION STATEMENT
Edition statement Quincuagesimoprimera edición
260 ## - PUBLICATION, DISTRIBUTION, ETC.
Place of publication, distribution, etc. Bogotá :
Name of publisher, distributor, etc. Siglo veintiuno,
Date of publication, distribution, etc. 1993
300 ## - PHYSICAL DESCRIPTION
Extent 164 páginas, 2 hojas plegables :
Other physical details gráficos a blanco y negro ;
Dimensions 21 cm.
490 0# - SERIES STATEMENT
Series statement Economía y demografía
500 ## - GENERAL NOTE
General note Incluye índice de gráficas y cuadros.
505 0# - FORMATTED CONTENTS NOTE
Formatted contents note El sistema económico -- La circulación en el sistema económico -- Relaciones con el exterior -- El sector público -- El sistema monetario-financiero -- La unidad productora en el sistema económico -- El reparto del producto en el sistema económico
520 3# - SUMMARY, ETC.
Summary, etc. El trato analítico adaptado en esta introducción se distingue no solamente por la ausencia de las categorías microeconómicas convencionales, sino también por la forma como es manejado el instrumental microeconómico.
534 ## - ORIGINAL VERSION NOTE
Introductory phrase Introdução a economia (uma abordagem estructuralista)
546 ## - LANGUAGE NOTE
Language note Traducido del portugués
650 14 - SUBJECT ADDED ENTRY--TOPICAL TERM
Topical term or geographic name entry element Pensamiento económico
9 (RLIN) 5752
650 24 - SUBJECT ADDED ENTRY--TOPICAL TERM
Topical term or geographic name entry element Economía de mercado
9 (RLIN) 4657
650 24 - SUBJECT ADDED ENTRY--TOPICAL TERM
Topical term or geographic name entry element Economía
General subdivision Sistema ecónomicos
9 (RLIN) 5753
650 24 - SUBJECT ADDED ENTRY--TOPICAL TERM
Topical term or geographic name entry element Microeconómia
General subdivision Macroeconómia
9 (RLIN) 5754
700 1# - ADDED ENTRY--PERSONAL NAME
Personal name Lessa, Carlos Francisco,
Relator term autor
9 (RLIN) 5755
700 1# - ADDED ENTRY--PERSONAL NAME
Personal name Colombani, Claudio,
Relator term traductor
9 (RLIN) 5756
942 ## - ADDED ENTRY ELEMENTS (KOHA)
Source of classification or shelving scheme Dewey Decimal Classification
Koha item type Books
Existencias
Withdrawn status Lost status Source of classification or shelving scheme Damaged status Not for loan Home library Current library Shelving location Date acquired Coded location qualifier Total Checkouts Full call number Barcode Date last seen Copy number Price effective from Koha item type
    Dewey Decimal Classification     Biblioteca Pública José María del Castillo y Rada Biblioteca Pública José María del Castillo y Rada General Stacks 04/15/2018 $0.   330.15 / B177i 430002018 05/16/2024 Ej.2 04/15/2018 Books